[Event "North American-ch U10 Girls"]
[Site "Montreal"]
[Date "2010.08.17"]
[Round "3"]
[White "Lu, Jasmine"]
[Black "Gao, Christine"]
[Result "0-1"]
[WhiteElo "650"]
[BlackElo "1162"]
[PlyCount "88"]
[EventDate "2010.08.16"]
[EventType "swiss"]
[EventRounds "7"]
[EventCountry "CAN"]
[SourceTitle "EXT 2013"]
[Source "ChessBase"]
[SourceDate "2012.11.22"]
[SourceVersion "1"]
[SourceVersionDate "2012.11.22"]
[SourceQuality "1"]

1. e4 c5 2. Nf3 d6 3. Bb5+ Bd7 4. Bc4 Nf6 5. Nc3 Nc6 6. d3 e6 7. 0-0 Be7 8. h3 0-0 9. d4 cxd4 10. Nxd4 Qc7 11. Qf3 Nxd4 12. Qg3 Rfd8 13. Bh6 g6 14. Rac1 Qxc4 15. b3 Qc7 16. Nd1 Ne2+ 17. Kh1 Nxg3+ 18. fxg3 Nxe4 19. Rf4 Bg5 20. Bxg5 Nxg5 21. Ne3 Bc6 22. Rcf1 e5 23. Rg4 Ne6 24. Nf5 Ng7 25. Nh6+ Kf8 26. Rxf7+ Qxf7 27. Nxf7 Kxf7 28. Rg5 Rf8 29. h4 Kg8 30. h5 h6 31. Rxg6 Kh7 32. Rxd6 Rf2 33. Kh2 Rxg2+ 34. Kh3 Nxh5 35. Kh4 Ng7 36. Rf6 e4 37. Rf7 e3 38. Re7 e2 39. Kg4 Re8 40. Rxe2 Rgxe2 41. Kf4 Rf8+ 42. Kg4 Re5 43. Kh4 Rh5+ 44. Kg4 Bd7# 0-1